Easter Eggs - Sudden Death - Statistics

General Stats
  • This quiz has been taken 43 times
  • The average score is 15 of 20
Answers on the Grid
Answers color-coded by a green-red scale on the quiz's grid according to % correct below.
 
Answer Stats
Answer % Correct
86%
86%
86%
86%
83%
83%
83%
83%
79%
79%
76%
76%
72%
72%
69%
69%
66%
66%
59%
48%
No matching quizzes found
Score Distribution
Percent of People with Each Score
Percentile by Number Answered
Your Score History
You have not taken this quiz